The Spirits Talk to Me: (Record no. 186270)

MARC details
000 -LEADER
fixed length control field 00615nam a22001817a 4500
005 - DATE AND TIME OF LATEST TRANSACTION
control field 20220221113043.0
010 ## - LCCN (DPL NO)
LC control number ENG-131703
020 ## - INTERNATIONAL STANDARD BOOK NUMBER
International Standard Book Number 9789389253436
Terms of availability 399.00
035 ## - SYSTEM CONTROL NUMBER
System control number EN-115235
037 ## - SOURCE OF ACQUISITION
Source of stock number/acquisition DBAD
082 ## - DEWEY DECIMAL CLASSIFICATION NUMBER
Classification number S
100 ## - MAIN ENTRY--PERSONAL NAME
Personal name D'Silva, Sarbajeet Mohanty Neil
245 ## - TITLE STATEMENT
Title The Spirits Talk to Me:
Remainder of title True Accounts of Paranormal Investigations/
Statement of responsibility, etc Sarbajeet Mohanty Neil D' Silva
260 ## - PUBLICATION, DISTRIBUTION, ETC. (IMPRINT)
Place of publication, distribution, etc Gurugram
Name of publisher, distributor, etc Hachette Book Publishing India Pvt. Ltd
Date of publication, distribution, etc 2020
270 ## - ADDRESS
Address 4Th & 5th Floors, Corporate Centre, Plot No. 94, Sector 44
City Gurugram
Postal code 122003
300 ## - PHYSICAL DESCRIPTION
Extent 238p.
Dimensions 20cm(pbk)
942 ## - ADDED ENTRY ELEMENTS (KOHA)
Source of classification or shelving scheme Dewey Decimal Classification
Item type English Books
Classification part S
Call number suffix SIL
Holdings
Withdrawn status Lost status Not for loan Collection code Home library Current library Date acquired Source of acquisition Cost, normal purchase price Full call number Barcode Copy number Cost, replacement price Koha item type
    Not For Loan Non-fiction D.B.Act.Division Mobile Library 21/02/2022 DBAD/PUB 399.00 S SIL EN-115235 1 399.00 English Books

© Delhi Public Library
Hit Counter
free hit counter